00601nam a2200181Ia 4500008004100000020001500041041001200056082001100068100001600079245007000095260003100165300000800196650000700204700001700211942000700228999001500235952016900250221030s9999 xx 000 0 und d a8189757245 aEnglish a105.23 aS. H. Saeed 0aNon - Conventional Energy Resourcescby S. H. Saeed, D. K. Sharma bS. K. KatariaaDelhic2009 a344 aEE aD. K. Sharma cBK c5466d5466 pBE 9948g185.00l0o105.23 r2024-06-13 00:00:00w2022-10-30yBK003Print4070aMIETLIBbMIETLIBcBL-Academic Block B, FL-1, CUP-162, SH-4, R-4d2009-05-0210HBE